[Event "HUN-chT2 Barcza 1819"]
[Site "Hungary"]
[Date "2019.04.28"]
[Round "11.5"]
[White "Miklosi, Attila"]
[Black "Landenberger, Laszlo"]
[Result "1/2-1/2"]
[WhiteElo "2079"]
[BlackElo "1879"]
[PlyCount "71"]
[EventDate "2018.09.23"]
[EventType "team-tourn"]
[EventRounds "11"]
[EventCountry "HUN"]
[SourceTitle "EXT 2021"]
[Source "ChessBase"]
[SourceDate "2020.10.23"]
[SourceVersion "1"]
[SourceVersionDate "2020.10.23"]
[SourceQuality "1"]
[WhiteTeam "Hajduboszormeny"]
[BlackTeam "Szirmabesenyo"]
[WhiteTeamCountry "HUN"]
[BlackTeamCountry "HUN"]

1. d4 Nf6 2. Nf3 d5 3. Bf4 Bf5 4. e3 e6 5. Bd3 Bxd3 6. Qxd3 Bd6 7. Bg5 Nbd7 8. Nbd2 h6 9. Bh4 c5 10. c4 cxd4 11. Nxd4 Ne5 12. Qe2 Nxc4 13. Nxc4 dxc4 14. Qxc4 Qa5+ 15. Ke2 Nd5 16. Qb5+ Qxb5+ 17. Nxb5 Be5 18. f4 a6 19. fxe5 axb5 20. a3 Ra4 21. Rac1 0-0 22. Bf2 Re4 23. Kf3 Rc4 24. e4 Ne7 25. Rxc4 bxc4 26. Bc5 Re8 27. Bxe7 Rxe7 28. Rc1 b5 29. Rd1 Rc7 30. Ke3 Rc8 31. Rd7 c3 32. bxc3 Rxc3+ 33. Rd3 Rc2 34. Rd2 Rc5 35. Kd4 Rc4+ 36. Ke3 1/2-1/2

[Event "HUN-chT2 Barcza 1819"]
[Site "Hungary"]
[Date "2019.03.31"]
[Round "10.7"]
[White "Toth, Levente"]
[Black "Miklosi, Attila"]
[Result "1/2-1/2"]
[WhiteElo "1999"]
[BlackElo "2079"]
[PlyCount "22"]
[EventDate "2018.09.23"]
[EventType "team-tourn"]
[EventRounds "11"]
[EventCountry "HUN"]
[SourceTitle "EXT 2021"]
[Source "ChessBase"]
[SourceDate "2020.10.23"]
[SourceVersion "1"]
[SourceVersionDate "2020.10.23"]
[SourceQuality "1"]
[WhiteTeam "Edeleny"]
[BlackTeam "Hajduboszormeny"]
[WhiteTeamCountry "HUN"]
[BlackTeamCountry "HUN"]

1. e4 c5 2. c3 e5 3. Nf3 Nc6 4. d4 cxd4 5. cxd4 exd4 6. Nxd4 Nf6 7. Nc3 Bb4 8. Nxc6 bxc6 9. Bd3 d5 10. exd5 Nxd5 11. Bd2 Qe7+ 1/2-1/2

[Event "HUN-chT2 Barcza 1819"]
[Site "Hungary"]
[Date "2018.10.28"]
[Round "3.7"]
[White "Saller, Imre"]
[Black "Miklosi, Attila"]
[Result "1/2-1/2"]
[WhiteElo "1791"]
[BlackElo "2079"]
[PlyCount "113"]
[EventDate "2018.09.23"]
[EventType "team-tourn"]
[EventRounds "11"]
[EventCountry "HUN"]
[SourceTitle "CBM 189 Extra"]
[Source "ChessBase"]
[SourceDate "2019.06.03"]
[SourceVersion "1"]
[SourceVersionDate "2019.06.03"]
[SourceQuality "1"]
[WhiteTeam "Hajduszoboszlo"]
[BlackTeam "Hajduboszormeny"]
[WhiteTeamCountry "HUN"]
[BlackTeamCountry "HUN"]

1. d4 Nf6 2. Nf3 g6 3. c4 Bg7 4. Nc3 d5 5. cxd5 Nxd5 6. Bd2 0-0 7. e4 Nxc3 8. Bxc3 c5 9. Be2 cxd4 10. Nxd4 Qb6 11. Qa4 Bd7 12. Qc4 Rc8 13. Qd3 Rd8 14. Qe3 Na6 15. e5 Nb4 16. Qe4 a5 17. 0-0 e6 18. Rfd1 Rac8 19. a3 Nd5 20. Be1 Qxb2 21. Bxa5 Nc3 22. Bxc3 Qxc3 23. f4 Ba4 24. Rac1 Qxa3 25. Rxc8 Rxc8 26. Rb1 Qc5 27. Kf1 Bc6 28. Nxc6 bxc6 29. Ba6 Ra8 30. Qc4 Qxc4+ 31. Bxc4 Ra4 32. Rc1 Bf8 33. g4 h6 34. Kg2 Be7 35. Kf3 g5 36. f5 exf5 37. gxf5 Ba3 38. Rc2 Kg7 39. Ke4 h5 40. h3 Bb2 41. e6 fxe6 42. fxe6 Bf6 43. Kf3 Ra3+ 44. Kg2 Rc3 45. Rxc3 Bxc3 46. Kf3 Kf6 47. Ke4 Bb4 48. Bb3 Bd6 49. Bc4 g4 50. hxg4 hxg4 51. Be2 Kg5 52. Bd1 g3 53. Kf3 Kh4 54. Kg2 Kg5 55. Bf3 c5 56. e7 Bxe7 57. Kxg3 1/2-1/2

[Event "HUN-chT2 Barcza 1718"]
[Site "Hungary"]
[Date "2017.11.26"]
[Round "4.6"]
[White "Herczeg, Tibor"]
[Black "Miklosi, Attila"]
[Result "1-0"]
[WhiteElo "2021"]
[BlackElo "2088"]
[PlyCount "107"]
[EventDate "2017.09.24"]
[EventType "team-tourn"]
[EventRounds "11"]
[EventCountry "HUN"]
[SourceTitle "EXT 2021"]
[Source "ChessBase"]
[SourceDate "2020.10.23"]
[SourceVersion "1"]
[SourceVersionDate "2020.10.23"]
[SourceQuality "1"]
[WhiteTeam "Szirmabesenyo"]
[BlackTeam "Hajduboszormeny"]
[WhiteTeamCountry "HUN"]
[BlackTeamCountry "HUN"]

1. e4 c5 2. Ne2 e6 3. Nbc3 a6 4. a4 Nc6 5. g3 g6 6. Bg2 Bg7 7. 0-0 Nge7 8. d3 0-0 9. h3 Rb8 10. g4 b5 11. axb5 axb5 12. Ng3 Nd4 13. Nce2 b4 14. c3 Nxe2+ 15. Nxe2 d5 16. Be3 Qc7 17. Qc1 bxc3 18. bxc3 c4 19. d4 dxe4 20. Bxe4 f5 21. Bg2 e5 22. dxe5 fxg4 23. hxg4 Bxg4 24. Ra7 Qxe5 25. Bf4 Rxf4 26. Qxf4 Bxe2 27. Qxe5 Bxe5 28. Re1 Bxc3 29. Rxe2 Nf5 30. Bd5+ Kh8 31. Bxc4 Bd4 32. Rd7 Bc5 33. Red2 Rf8 34. Rd8 Rxd8 35. Rxd8+ Kg7 36. Rd7+ Ne7 37. Kg2 Kf6 38. f4 Kf5 39. Kf3 h6 40. Rb7 Bd6 41. Rb5+ Kf6 42. Rb6 Nf5 43. Bd3 Ke6 44. Bxf5+ gxf5 45. Rb1 Bf8 46. Ke3 Bc5+ 47. Kd3 Bf2 48. Rh1 Kf7 49. Rxh6 Kg7 50. Rh2 Bc5 51. Kc4 Be3 52. Rh4 Bf2 53. Rh3 Kg6 54. Kd5 1-0

[Event "HUN-chT2 Barcza 1617"]
[Site "Hungary"]
[Date "2016.12.11"]
[Round "6.7"]
[White "Miklosi, Attila"]
[Black "Ecsedi, Sandor"]
[Result "1-0"]
[WhiteElo "2042"]
[BlackElo "2034"]
[PlyCount "61"]
[EventDate "2016.09.25"]
[EventType "team-tourn"]
[EventRounds "11"]
[EventCountry "HUN"]
[SourceTitle "EXT 2021"]
[Source "ChessBase"]
[SourceDate "2020.10.23"]
[SourceVersion "1"]
[SourceVersionDate "2020.10.23"]
[SourceQuality "1"]
[WhiteTeam "Hajduboszormeny"]
[BlackTeam "Hajduszoboszlo"]
[WhiteTeamCountry "HUN"]
[BlackTeamCountry "HUN"]

1. d4 d5 2. Nf3 e6 3. Bf4 f5 4. e3 Nf6 5. Bd3 Be7 6. Ne5 0-0 7. Nd2 c6 8. c3 Nbd7 9. Ndf3 Ne4 10. Nxd7 Bxd7 11. h4 Be8 12. h5 a6 13. Qe2 Bf7 14. Bxe4 fxe4 15. Ne5 Bg5 16. Qg4 Bxf4 17. exf4 h6 18. Rh3 Qe7 19. 0-0-0 Rad8 20. f3 exf3 21. Qxf3 Qf6 22. g4 Be8 23. Rf1 a5 24. Qg2 a4 25. Rhf3 a3 26. b4 b6 27. g5 Qe7 28. gxh6 Rf6 29. hxg7 Bxh5 30. Rh3 Rh6 31. Nxc6 1-0

[Event "HUN-chT2 Barcza 1617"]
[Site "Hungary"]
[Date "2016.11.27"]
[Round "5.7"]
[White "Kantor, Jozsef"]
[Black "Miklosi, Attila"]
[Result "0-1"]
[WhiteElo "1928"]
[BlackElo "2042"]
[PlyCount "106"]
[EventDate "2016.09.25"]
[EventType "team-tourn"]
[EventRounds "11"]
[EventCountry "HUN"]
[SourceTitle "EXT 2021"]
[Source "ChessBase"]
[SourceDate "2020.10.23"]
[SourceVersion "1"]
[SourceVersionDate "2020.10.23"]
[SourceQuality "1"]
[WhiteTeam "Mezokovesd"]
[BlackTeam "Hajduboszormeny"]
[WhiteTeamCountry "HUN"]
[BlackTeamCountry "HUN"]

1. d4 Nf6 2. Nf3 g6 3. Bf4 Bg7 4. c3 d5 5. h3 0-0 6. Nbd2 c5 7. Bxb8 Rxb8 8. dxc5 a5 9. a4 Qc7 10. Nb3 Rd8 11. e3 Ne4 12. Bb5 Nxc5 13. Nxc5 Qxc5 14. 0-0 b6 15. Qe2 Bb7 16. Rfd1 e5 17. Rac1 f5 18. Rc2 Rd6 19. Rcd2 Rbd8 20. Ba6 Bc6 21. Bb5 Bb7 22. Ba6 Ba8 23. Qb5 h6 24. Qb3 Kh8 25. Bb5 Bb7 26. Ne1 g5 27. Qc2 f4 28. exf4 gxf4 29. Qf5 Rf8 30. Qh5 e4 31. Nc2 e3 32. fxe3 fxe3 33. Re2 Re6 34. Rf1 Rxf1+ 35. Kxf1 d4 36. Qxc5 bxc5 37. cxd4 cxd4 38. Ne1 Be4 39. Nd3 Rf6+ 40. Kg1 Bf8 41. Rc2 Rg6 42. Kf1 Bd6 43. Re2 Rg7 44. Rc2 Rf7+ 45. Kg1 Kg7 46. Rc1 Kg6 47. Rc2 Kg7 48. Re2 Rc7 49. Kf1 Bg3 50. Ne1 Rc1 51. b3 Kf6 52. Bc4 d3 53. Rxe3 d2 0-1

[Event "HUN-chT2 Barcza 1617"]
[Site "Hungary"]
[Date "2016.10.09"]
[Round "2.5"]
[White "Miklosi, Attila"]
[Black "Czina, Tivadar"]
[Result "1-0"]
[WhiteElo "2042"]
[BlackElo "2148"]
[PlyCount "112"]
[EventDate "2016.09.25"]
[EventType "team-tourn"]
[EventRounds "11"]
[EventCountry "HUN"]
[SourceTitle "EXT 2021"]
[Source "ChessBase"]
[SourceDate "2020.10.23"]
[SourceVersion "1"]
[SourceVersionDate "2020.10.23"]
[SourceQuality "1"]
[WhiteTeam "Hajduboszormeny"]
[BlackTeam "Sajobabony"]
[WhiteTeamCountry "HUN"]
[BlackTeamCountry "HUN"]

1. d4 d5 2. Nf3 Nf6 3. Bf4 g6 4. Nc3 Bg7 5. Qd2 0-0 6. 0-0-0 Re8 7. Ne5 c6 8. Bh6 Bh8 9. h4 Nbd7 10. f3 Nxe5 11. dxe5 Nd7 12. f4 Nc5 13. e3 f6 14. exf6 exf6 15. h5 Qe7 16. hxg6 hxg6 17. Re1 b5 18. Bd3 Nxd3+ 19. cxd3 b4 20. Na4 c5 21. d4 Bf5 22. g4 Bxg4 23. Qg2 Qd7 24. Nxc5 Rac8 25. Kb1 Rxc5 26. dxc5 a5 27. Qh2 Bh5 28. Reg1 Kh7 29. Qxh5 gxh5 30. Rxh5 Qf7 31. Rhh1 Qg6+ 32. Rxg6 Kxg6 33. c6 Rc8 34. c7 Kf5 35. Rc1 Ke4 36. Rc5 Kxe3 37. Rxd5 Rxc7 38. f5+ Ke4 39. Rxa5 Bg7 40. Bxg7 Rxg7 41. Kc2 Rg3 42. Rb5 Rh3 43. Rxb4+ Kxf5 44. a4 Ke5 45. a5 Rh7 46. Rb8 Ra7 47. b4 Kd4 48. Kb3 f5 49. Rd8+ Ke3 50. Ka4 f4 51. Rf8 f3 52. b5 f2 53. b6 Ra8 54. Rf7 Ke2 55. Kb5 f1Q 56. Rxf1 Kxf1 1-0

[Event "HUN-chT2 Barcza 1516"]
[Site "Hungary"]
[Date "2015.12.06"]
[Round "6.7"]
[White "Miklosi, Attila"]
[Black "Csabai, Gyula"]
[Result "1-0"]
[WhiteElo "2017"]
[BlackElo "1981"]
[PlyCount "41"]
[EventDate "2015.09.13"]
[EventType "team-tourn"]
[EventRounds "11"]
[EventCountry "HUN"]
[SourceTitle "CBM 170 Extra"]
[Source "ChessBase"]
[SourceDate "2016.02.25"]
[SourceVersion "1"]
[SourceVersionDate "2016.02.25"]
[SourceQuality "1"]
[WhiteTeam "Hajduboszormeny"]
[BlackTeam "Edeleny"]
[WhiteTeamCountry "HUN"]
[BlackTeamCountry "HUN"]

1. d4 d5 2. Nf3 Nf6 3. Bf4 Bf5 4. e3 e6 5. Bd3 Bxd3 6. Qxd3 a6 7. c4 dxc4 8. Qxc4 Bd6 9. Bg5 h6 10. Bh4 Nbd7 11. Nc3 g5 12. Bg3 Bxg3 13. hxg3 g4 14. Ne5 h5 15. 0-0-0 Nb6 16. Qb3 Ke7 17. Na4 Nxa4 18. Qxa4 b5 19. Qc2 Qg8 20. f3 Rc8 21. Nd3 1-0

[Event "HUN-chT2 Maroczy 1415"]
[Site "Hungary"]
[Date "2015.04.26"]
[Round "9"]
[White "Miklosi, Attila"]
[Black "Pesztericz, Laszlo"]
[Result "1-0"]
[WhiteElo "2005"]
[BlackElo "2070"]
[PlyCount "97"]
[EventDate "2014.10.12"]
[EventType "team-tourn"]
[EventRounds "9"]
[EventCountry "HUN"]
[SourceTitle "EXT 2016"]
[Source "ChessBase"]
[SourceDate "2015.10.08"]
[SourceVersion "1"]
[SourceVersionDate "2015.10.08"]
[SourceQuality "1"]
[WhiteTeam "Hajduboszormeny"]
[BlackTeam "Vasas"]
[WhiteTeamCountry "HUN"]
[BlackTeamCountry "HUN"]

1. d4 Nf6 2. Nf3 g6 3. Bf4 Bg7 4. Nc3 c5 5. e4 Qa5 6. Qd2 0-0 7. dxc5 Qxc5 8. Be2 d6 9. 0-0 Nc6 10. a3 a6 11. h3 Ne5 12. Nxe5 dxe5 13. Be3 Qc7 14. Rfd1 b5 15. Bf3 Bb7 16. Qe2 Rfd8 17. Rxd8+ Rxd8 18. Rd1 Rxd1+ 19. Qxd1 Qd6 20. Qd2 Qxd2 21. Bxd2 e6 22. Kf1 Kf8 23. Ke2 Ke7 24. Kd3 Nd7 25. Be3 Kd6 26. b4 Bf8 27. Nb1 Kc6 28. Nd2 a5 29. Kc3 axb4+ 30. axb4 Nb6 31. Kb3 Ba6 32. Be2 f5 33. f3 Bd6 34. c4 Nxc4 35. Nxc4 bxc4+ 36. Bxc4 Bc8 37. Ka4 Kd7 38. Ka5 Bc7+ 39. Bb6 Bd6 40. Bb5+ Ke7 41. Bc6 Bb8 42. Bc5+ Kf6 43. b5 Kg5 44. b6 Kf4 45. Bf2 g5 46. b7 Bxb7 47. Bxb7 h5 48. exf5 exf5 49. g3# 1-0

[Event "HUN-chT2 Maroczy 1415"]
[Site "Hungary"]
[Date "2015.03.22"]
[Round "8"]
[White "Miklosi, Attila"]
[Black "Balogh, David"]
[Result "0-1"]
[WhiteElo "2005"]
[BlackElo "2088"]
[PlyCount "78"]
[EventDate "2014.10.12"]
[EventType "team-tourn"]
[EventRounds "9"]
[EventCountry "HUN"]
[SourceTitle "EXT 2016"]
[Source "ChessBase"]
[SourceDate "2015.10.08"]
[SourceVersion "1"]
[SourceVersionDate "2015.10.08"]
[SourceQuality "1"]
[WhiteTeam "Hajduboszormeny"]
[BlackTeam "Kisujszallas"]
[WhiteTeamCountry "HUN"]
[BlackTeamCountry "HUN"]

1. d4 Nf6 2. Nf3 e6 3. Bf4 c5 4. e3 b6 5. Be2 Bb7 6. 0-0 Be7 7. c3 0-0 8. Nbd2 cxd4 9. cxd4 a6 10. Qb3 Nh5 11. Bxb8 Rxb8 12. Rfd1 Nf6 13. Bd3 b5 14. Rac1 Qa5 15. Bb1 Rfc8 16. e4 d5 17. e5 Nd7 18. Qd3 g6 19. Nf1 Nb6 20. Qd2 Qxd2 21. N1xd2 Na4 22. Rxc8+ Rxc8 23. b3 Nc3 24. Re1 Kf8 25. Kf1 Ba3 26. h4 h6 27. Kg1 Ke7 28. Kh2 b4 29. Kg3 a5 30. Kf4 Ba6 31. Ke3 Nxb1 32. Nxb1 Bc1+ 33. Nfd2 Rc2 34. Rd1 Bb5 35. g3 Ba6 36. Kf3 Bb2 37. Ke3 Bb5 38. f4 h5 39. Kf2 Bxd4+ 0-1

[Event "HUN-chT2 Maroczy 1415"]
[Site "Hungary"]
[Date "2014.11.16"]
[Round "2"]
[White "Miklosi, Attila"]
[Black "Kiss, Peter"]
[Result "0-1"]
[WhiteElo "2025"]
[BlackElo "2074"]
[PlyCount "72"]
[EventDate "2014.10.12"]
[EventType "team-tourn"]
[EventRounds "9"]
[EventCountry "HUN"]
[SourceTitle "EXT 2016"]
[Source "ChessBase"]
[SourceDate "2015.10.08"]
[SourceVersion "1"]
[SourceVersionDate "2015.10.08"]
[SourceQuality "1"]
[WhiteTeam "Hajduboszormeny"]
[BlackTeam "Kobanya Aquarena"]
[WhiteTeamCountry "HUN"]
[BlackTeamCountry "HUN"]

1. d4 c5 2. c3 e6 3. Nf3 d5 4. Bf4 Nc6 5. e3 cxd4 6. exd4 Bd6 7. Bg3 Nf6 8. Nbd2 Ne4 9. Bxd6 Qxd6 10. Nxe4 dxe4 11. Nd2 f5 12. Qh5+ g6 13. Qh6 Bd7 14. Bb5 0-0-0 15. 0-0-0 Kb8 16. Be2 Ne7 17. f3 Ba4 18. Rde1 Nd5 19. Nc4 Qc7 20. fxe4 fxe4 21. Qd2 b5 22. Ne3 Nxe3 23. Qxe3 b4 24. c4 e5 25. Qd2 a5 26. d5 Qc5 27. b3 Bc6 28. Kb1 Bd7 29. Bd1 Rhf8 30. Bc2 Rf2 31. Re2 Rdf8 32. Bxe4 Bg4 33. Rxf2 Rxf2 34. Qd3 Re2 35. Ka1 Qf2 36. Qb1 Qd4+ 0-1

[Event "HUN-chT2 Maroczy 1314"]
[Site "Hungary"]
[Date "2014.04.27"]
[Round "11"]
[White "Somogyi, Istvan"]
[Black "Miklosi, Attila"]
[Result "1/2-1/2"]
[WhiteElo "2177"]
[BlackElo "2018"]
[PlyCount "38"]
[EventDate "2013.09.08"]
[EventType "team-tourn"]
[EventRounds "11"]
[EventCountry "HUN"]
[SourceTitle "EXT 2016"]
[Source "ChessBase"]
[SourceDate "2015.10.08"]
[SourceVersion "1"]
[SourceVersionDate "2015.10.08"]
[SourceQuality "1"]
[WhiteTeam "Budapest MLTC II"]
[BlackTeam "Hajduboszormeny"]
[WhiteTeamCountry "HUN"]
[BlackTeamCountry "HUN"]

1. d4 Nf6 2. c4 g6 3. Nc3 d5 4. cxd5 Nxd5 5. e4 Nxc3 6. bxc3 Bg7 7. Bc4 0-0 8. Ne2 Nc6 9. Be3 e5 10. Qd2 Na5 11. Bd3 f5 12. dxe5 Bxe5 13. Bc5 fxe4 14. Bxe4 Qxd2+ 15. Kxd2 Nc4+ 16. Kd3 Nd6 17. f3 Bf5 18. Bxf5 Rxf5 19. Nd4 Bxd4 1/2-1/2

[Event "HUN-chT2 Maroczy 1314"]
[Site "Hungary"]
[Date "2014.03.02"]
[Round "8"]
[White "Miklosi, Attila"]
[Black "Magyar, Otto"]
[Result "1/2-1/2"]
[WhiteElo "2018"]
[BlackElo "2179"]
[PlyCount "57"]
[EventDate "2013.09.08"]
[EventType "team-tourn"]
[EventRounds "11"]
[EventCountry "HUN"]
[SourceTitle "EXT 2016"]
[Source "ChessBase"]
[SourceDate "2015.10.08"]
[SourceVersion "1"]
[SourceVersionDate "2015.10.08"]
[SourceQuality "1"]
[WhiteTeam "Hajduboszormeny"]
[BlackTeam "Penzugyor II"]
[WhiteTeamCountry "HUN"]
[BlackTeamCountry "HUN"]

1. d4 Nf6 2. Nf3 e6 3. Bf4 b6 4. e3 Bb7 5. Bd3 c5 6. c3 Be7 7. Nbd2 cxd4 8. exd4 0-0 9. 0-0 d6 10. Qc2 h6 11. Rfe1 Nd5 12. Bg3 Nd7 13. h3 N7f6 14. a3 Rc8 15. Qa4 Bc6 16. Bb5 Bxb5 17. Qxb5 Nc7 18. Qa4 Qd7 19. Qxd7 Nxd7 20. Nc4 d5 21. Nce5 Nxe5 22. Nxe5 Nb5 23. a4 Nd6 24. a5 b5 25. Kf1 Rfd8 26. Nd3 Ne4 27. Bf4 g5 28. Be3 f6 29. f3 1/2-1/2

[Event "HUN-chT2 Maroczy 1314"]
[Site "Hungary"]
[Date "2013.10.20"]
[Round "3"]
[White "Linczer, Janos"]
[Black "Miklosi, Attila"]
[Result "1-0"]
[WhiteElo "2123"]
[BlackElo "2018"]
[PlyCount "131"]
[EventDate "2013.09.08"]
[EventType "team-tourn"]
[EventRounds "11"]
[EventCountry "HUN"]
[SourceTitle "EXT 2016"]
[Source "ChessBase"]
[SourceDate "2015.10.08"]
[SourceVersion "1"]
[SourceVersionDate "2015.10.08"]
[SourceQuality "1"]
[WhiteTeam "Szeged Maroczy"]
[BlackTeam "Hajduboszormeny"]
[WhiteTeamCountry "HUN"]
[BlackTeamCountry "HUN"]

1. e4 c5 2. Nf3 e6 3. d4 cxd4 4. Nxd4 a6 5. c4 Qc7 6. Nc3 Nf6 7. Be2 Bb4 8. Qd3 Nc6 9. Nxc6 dxc6 10. Bd2 Bd7 11. 0-0 Be7 12. f4 e5 13. Kh1 0-0 14. Qg3 Bd6 15. f5 Kh8 16. Rf3 Be7 17. Raf1 Rfe8 18. Qh4 Ng8 19. Qf2 Qd8 20. Bc1 b5 21. g4 Bg5 22. Bxg5 Qxg5 23. h4 Qe7 24. g5 f6 25. Rg3 Rad8 26. Rfg1 Bc8 27. h5 Rd7 28. Qe3 Bb7 29. h6 fxg5 30. hxg7+ Qxg7 31. R1g2 Nf6 32. Rxg5 Qe7 33. Qg3 Red8 34. Kh2 Qf7 35. Qh4 Rg8 36. Bh5 Qf8 37. Bg6 Rgg7 38. Qh6 Kg8 39. Bh5 Rxg5 40. Rxg5+ Rg7 41. Bf3 bxc4 42. a3 Rxg5 43. Qxg5+ Kh8 44. Be2 Qg7 45. Qh4 Kg8 46. Bxc4+ Kf8 47. Be2 c5 48. Bf3 Ke8 49. Na4 Qe7 50. Qe1 Nd7 51. Bh5+ Kd8 52. Kh3 Qg5 53. Bf3 Qf4 54. Qh4+ Qxh4+ 55. Kxh4 Bc6 56. Nc3 Ke7 57. Kg5 Kf7 58. Be2 Bb7 59. Bc4+ Kg7 60. Bd5 h6+ 61. Kh4 Bxd5 62. Nxd5 Nf6 63. Nxf6 Kxf6 64. Kh5 Kg7 65. b3 a5 66. a4 1-0

[Event "HUN-chT2 Maroczy 1314"]
[Site "Hungary"]
[Date "2013.09.08"]
[Round "1"]
[White "Egri, Laszlo Jr"]
[Black "Miklosi, Attila"]
[Result "1-0"]
[WhiteElo "2112"]
[BlackElo "2018"]
[PlyCount "69"]
[EventDate "2013.09.08"]
[EventType "team-tourn"]
[EventRounds "11"]
[EventCountry "HUN"]
[SourceTitle "EXT 2016"]
[Source "ChessBase"]
[SourceDate "2015.10.08"]
[SourceVersion "1"]
[SourceVersionDate "2015.10.08"]
[SourceQuality "1"]
[WhiteTeam "Kisujszallas"]
[BlackTeam "Hajduboszormeny"]
[WhiteTeamCountry "HUN"]
[BlackTeamCountry "HUN"]

1. Nf3 Nf6 2. g3 d5 3. Bg2 Bf5 4. 0-0 Nc6 5. d4 Qd7 6. c4 dxc4 7. Qa4 Ne5 8. Qb4 Nxf3+ 9. Bxf3 c6 10. Qxc4 Rd8 11. Nc3 Qxd4 12. Qxd4 Rxd4 13. Be3 Rd7 14. Bxa7 e5 15. e4 Be6 16. Rfd1 Bd6 17. Na4 b5 18. Nc5 Bxc5 19. Bxc5 Rxd1+ 20. Rxd1 Nd7 21. Bd6 c5 22. Rc1 c4 23. b3 Nf6 24. Bxe5 Ke7 25. bxc4 bxc4 26. a4 Ra8 27. Ra1 Ra5 28. Bc3 Ra6 29. a5 g6 30. Bg2 Nd7 31. e5 f6 32. exf6+ Nxf6 33. Bb7 Ra7 34. a6 Bd5 35. Bxf6+ 1-0

[Event "HUN-chT2 Maroczy 1314"]
[Site "Hungary"]
[Date "2013.08.22"]
[Round "2"]
[White "Dombai, Istvan"]
[Black "Miklosi, Attila"]
[Result "1-0"]
[WhiteElo "2207"]
[BlackElo "2018"]
[PlyCount "61"]
[EventDate "2013.09.08"]
[EventType "team-tourn"]
[EventRounds "11"]
[EventCountry "HUN"]
[SourceTitle "EXT 2016"]
[Source "ChessBase"]
[SourceDate "2015.10.08"]
[SourceVersion "1"]
[SourceVersionDate "2015.10.08"]
[SourceQuality "1"]
[WhiteTeam "Szigetszentmiklos"]
[BlackTeam "Hajduboszormeny"]
[WhiteTeamCountry "HUN"]
[BlackTeamCountry "HUN"]

1. d4 Nf6 2. Nf3 d5 3. c4 g6 4. e3 Bg7 5. Bd3 0-0 6. 0-0 c6 7. b3 Nbd7 8. Bb2 Ne4 9. Ne5 Nxe5 10. dxe5 Nc5 11. cxd5 cxd5 12. f4 Nxd3 13. Qxd3 e6 14. Rd1 Bd7 15. Nd2 Bc6 16. Nf3 Qb6 17. a4 a5 18. Rdc1 Rfc8 19. Ba3 Bd7 20. g4 Qa6 21. Qxa6 Rxa6 22. Rxc8+ Bxc8 23. Nd4 f6 24. Rc1 Ra8 25. Bd6 fxe5 26. fxe5 Bh6 27. Kf2 Bg5 28. Ke2 Bd8 29. Rf1 Bd7 30. Rf8+ Kg7 31. Be7 1-0

[Event "HUN-chT2 Barcza 1213"]
[Site "Hungary"]
[Date "2012.10.07"]
[Round "2.6"]
[White "Nemeti, Kornel"]
[Black "Miklosi, Attila"]
[Result "1-0"]
[WhiteElo "1981"]
[BlackElo "2043"]
[PlyCount "51"]
[EventDate "2012.09.16"]
[EventType "team-tourn"]
[EventRounds "11"]
[EventCountry "HUN"]
[SourceTitle "EXT 2014"]
[Source "ChessBase"]
[SourceDate "2013.11.20"]
[SourceVersion "1"]
[SourceVersionDate "2013.11.20"]
[SourceQuality "1"]
[WhiteTeam "Debrecen Betu"]
[BlackTeam "Hajduboszormeny"]
[WhiteTeamCountry "HUN"]
[BlackTeamCountry "HUN"]

1. e4 c5 2. Nf3 e6 3. c3 d5 4. exd5 exd5 5. d4 a6 6. Bd3 Nf6 7. 0-0 Be7 8. h3 0-0 9. Bf4 Nc6 10. Nbd2 cxd4 11. Nxd4 Nxd4 12. cxd4 Qb6 13. Nb3 a5 14. Qe2 Re8 15. Bb5 Bd7 16. Bxd7 Nxd7 17. Qd3 Bf6 18. Be3 a4 19. Nc5 Nxc5 20. dxc5 Qxb2 21. Qxd5 Rad8 22. Qc4 Qa3 23. Rab1 Rd7 24. Rfd1 Rde7 25. Rd3 b5 26. cxb6 1-0

[Event "HUN-chT2 Barcza 1011"]
[Site "Hungary"]
[Date "2010.11.21"]
[Round "6.6"]
[White "Miklosi, Attila"]
[Black "Mate, Balazs"]
[Result "1/2-1/2"]
[WhiteElo "2112"]
[BlackElo "2161"]
[PlyCount "71"]
[EventDate "2010.09.12"]
[EventType "team-tourn"]
[EventRounds "11"]
[EventCountry "HUN"]
[SourceTitle "EXT 2012"]
[Source "ChessBase"]
[SourceDate "2011.11.24"]
[SourceVersion "1"]
[SourceVersionDate "2011.11.24"]
[SourceQuality "1"]
[WhiteTeam "Hajduboszormeny"]
[BlackTeam "Hajduszoboszlo"]
[WhiteTeamCountry "HUN"]
[BlackTeamCountry "HUN"]

1. d4 c5 2. Nf3 e6 3. e4 cxd4 4. Nxd4 Nf6 5. Bd3 a6 6. 0-0 Qc7 7. c4 Be7 8. Nc3 d6 9. Kh1 Nbd7 10. f4 Nc5 11. Bc2 b6 12. Qe2 Bb7 13. e5 Nfd7 14. exd6 Qxd6 15. Rd1 Nf6 16. f5 Qc7 17. fxe6 0-0 18. exf7+ Rxf7 19. Nf5 Re8 20. Be3 Bf8 21. Nd5 Bxd5 22. cxd5 g6 23. d6 Qd7 24. b4 gxf5 25. bxc5 bxc5 26. Qd2 c4 27. Bf4 Ne4 28. Bxe4 fxe4 29. Re1 Qg4 30. Bg3 Qe6 31. Rad1 Rd7 32. Qg5+ Rg7 33. Qe3 Rd7 34. Qg5+ Rg7 35. Qe3 Rd7 36. Qg5+ 1/2-1/2

[Event "HUN-chT2 Maroczy 0910"]
[Site "Hungary"]
[Date "2010.03.21"]
[Round "8"]
[White "Miklosi, Attila"]
[Black "Kovacs, Tamas"]
[Result "1-0"]
[WhiteElo "2112"]
[BlackElo "2175"]
[PlyCount "41"]
[EventDate "2009.11.08"]
[EventType "team-tourn"]
[EventRounds "11"]
[EventCountry "HUN"]
[SourceTitle "EXT 2011"]
[Source "ChessBase"]
[SourceDate "2010.11.26"]
[SourceVersion "1"]
[SourceVersionDate "2010.11.26"]
[SourceQuality "1"]
[WhiteTeam "Hajduboszormeny"]
[BlackTeam "Miskolc EMSE"]
[WhiteTeamCountry "HUN"]
[BlackTeamCountry "HUN"]

1. d4 Nf6 2. Nf3 e6 3. Bf4 b6 4. e3 Bb7 5. Be2 Be7 6. 0-0 d6 7. c4 Nbd7 8. Nc3 Nh5 9. Bg3 Nxg3 10. hxg3 h5 11. e4 Nf8 12. Qa4+ Nd7 13. Rfe1 Kf8 14. Rad1 Nf6 15. e5 Ng4 16. d5 exd5 17. Nxd5 Bxd5 18. Rxd5 Qe8 19. Bd1 Rh6 20. exd6 Qxa4 21. dxe7+ 1-0